1412 1325 1508 1876 1621 1518 1688 1084 1084 1309 1527 1825 1218 1488 1888 1110 1598 1525 1298 1344 1059 1593 1378 1654 1593 1764 1107 1145 1930 1979 1817 1117 1526 1520 1042 1743 1727 1848 1013 1566 1466 1727 1919 1900 1507 1666 1968 1738 1426 1318 1121 1570 1397 1952 1921 1017 1849 1961 1618 1617 1738 1447 1065 1199 1443 1960 1579 1412 1948 1387 1883 1254 1150 1500 1073 1893 1398 1517 1525 1956 1234 1532 1444 1789 1309 1259 1582 1924 1729 1500 1539 1614 1732 1401 1849 1225 1271 1896 1702 BCNSPRNW ULIB Ver.6.0+V

เปลี่ยนเป็นภาษาไทย

Change to English
 แสดงรายละเอียดบรรณานุกรม
  กลับหน้าหลัก

Brief Record : Get Marc (ISO 2709) : E-mail record : QR code < ปิดหน้าต่าง
LEADER : 00000nam a2200000Ia 4500
001    13399114131
003     ULIB
008    100817s2551 th a 000 0 tha d
020    ^a9789740635499
060 04 ^aWY85^bส226น
100 0  ^aสภาการพยาบาล
245 10 ^aแนวทางการส่งเสริมการปฏิบัติการพยาบาลตามจรรยาบรรณวิชาชีพ
250    ^aพิมพ์ครั้งที่ 3 ฉบับปรับปรุง
260    ^aกรุงเทพฯ :^bจตุทอง,^c2551
300    ^a[8], 175 หน้า ;^c22 ซม.
650  4 ^aจรรยาพยาบาล
650  4 ^aจรรยาบรรณในวิชาชีพ
650  4 ^aการปฏิบัติ^xการพยาบาล
945    ^p100^l0^i031013
945    ^p100^l0^i031014
945    ^p100^l0^i031015
945    ^p100^l0^i031016
945    ^p100^l0^i031017
945    ^p100^l0^i031018
945    ^p100^l0^i031019
945    ^p100^l0^i031020
945    ^p100^l0^i031021
945    ^p100^l0^i031022
995    ^aเกษร
999 ^a ใช้งานได้ทุกระบบ
รายการนี้ยังไม่มีแท็ก
คุณยังไม่ได้ล็อกอิน คุณสามารถมีกิจกรรมร่วมกับเว็บไซต์ได้ แต่ต้องล็อกอินก่อน ::
  ล็อกอิน

รายการสื่อสารสนเทศ

ลำดับที่ ประเภท เลขเรียก/บาร์โค้ด สถานที่ สถานะ
- ไม่พบข้อมูล -

รายการใกล้เคียง
    ชื่อเรื่อง [แนวทางการส่งเสริมการปฏิบัติการพยาบาลตามจรรยาบรรณวิชาชีพ]

    ผู้แต่ง [สภาการพยาบาล]

    หัวเรื่อง [จรรยาพยาบาล]
    หัวเรื่อง [จรรยาบรรณในวิชาชีพ]

BibComment


ยังไม่เคยถูกคอมเมนท์

คอมเมนท์ทรัพยากรรายการนี้
  คอมเมนท์: แนวทางการส่งเสริ..


 Copyright 2026. Bcnsprnw @Library